00191nam a2200073Ia 4500008004100000100001500041245003600056260002500092170817s9999 xx 000 0 und d asharma.R.K 0aShiksha Ke Manovagyanik Aadhar bRadha Prakashan Agra